书目信息 |
| 题名: |
汉语外来词
|
|
| 作者: | 史有为 著 | |
| 分册: | ||
| 出版信息: | 北京 商务印书馆 2000 |
|
| 页数: | 239页 | |
| 开本: | 19cm | |
| 丛书名: | 汉语知识丛书 | |
| 单 册: | ||
| 中图分类: | H136.5 | |
| 科图分类: | ||
| 主题词: | 汉语--外来语--研究 | |
| 电子资源: | ||
| ISBN: | 7-100-02611-3 | |
| 000 | 00795oam2 2200253 45 | |
| 001 | 0900000023457 | |
| 005 | 20061205151407.75 | |
| 010 | @a7-100-02611-3@dCNY11.00 | |
| 100 | @a20050222e20032000ekmy0chiy0120 ea | |
| 101 | 0 | @achi |
| 102 | @aCN@b110000 | |
| 105 | @ay z 000yy | |
| 200 | 1 | @a汉语外来词@9han yu wai lai ci@f史有为著@Fshi you wei zhu |
| 210 | @a北京@c商务印书馆@d2000@h2003重印 | |
| 215 | @a239页@d19cm | |
| 225 | 2 | @a汉语知识丛书@h第一辑 |
| 330 | @a本书主要内容包括外来词和语言的外来影响,外来词的性质与功用,外来词的类型,外来词的走向与规范,外来词研究概况等。 | |
| 410 | 0 | @12001 @a汉语知识丛书 |
| 606 | 0 | @a汉语@x外来语@x研究 |
| 690 | @aH136.5@v4 | |
| 701 | 0 | @a史有为@9shi you wei@4著 |
| 801 | 0 | @aCN@bTSSF@c20061205 |
| 905 | @a10447@dH136.5@e243 | |
| 999 | @eJDD | |
| 汉语外来词/史有为著.-北京:商务印书馆,2000(2003重印) |
| 239页;19cm.-(汉语知识丛书.第一辑) |
| ISBN 7-100-02611-3:CNY11.00 |
| 本书主要内容包括外来词和语言的外来影响,外来词的性质与功用,外来词的类型,外来词的走向与规范,外来词研究概况等。 |
| ● |
| 相关链接 |
|
|
|
|
正题名:汉语外来词
索取号:H136.5/243
 
预约/预借
| 序号 | 登录号 | 条形码 | 馆藏地/架位号 | 状态 | 备注 |
| 1 | 0367021 | 3670218 | 第二样本阅览室/ [索取号:H136.5/243] | 在馆 | |
| 2 | 0367022 | 3670227 | 第四借阅区/ [索取号:H136.5/243] | 在馆 | |
| 3 | 0367023 | 3670236 | 第四借阅区/ [索取号:H136.5/243] | 在馆 | |
| 4 | 0367024 | 3670245 | 第四借阅区/ [索取号:H136.5/243] | 在馆 | |
| 5 | 0367025 | 3670254 | 第四借阅区/ [索取号:H136.5/243] | 在馆 | |
| 6 | 0601347 | 206013473 | 第四借阅区/ [索取号:H136.5/243] | 在馆 | |
| 7 | 0603951 | 206039516 | 第四借阅区/ [索取号:H136.5/243] | 在馆 | |
| 8 | 0603952 | 206039525 | 第四借阅区/ [索取号:H136.5/243] | 在馆 | |
| 9 | 0603953 | 206039534 | 第四借阅区/ [索取号:H136.5/243] | 在馆 | |
| 10 | 0603954 | 206039543 | 第四借阅区/ [索取号:H136.5/243] | 在馆 |